000 00369nam a22001337a 4500
082 _a345.5491 MAH
100 _aMahmood, M.
245 _aThe Pakistan Penal Code 1860:
_bAs Amended up to date /
260 _aLahore :
_bAl-Qanoon Publishers,
_c2021.
300 _c24 cm.
942 _2ddc
_cBK
999 _c586887
_d586887